Wade, shore & pier fishing map, west Galveston Bay, West Bay : Cedar Point, La Porte, Seabrook, San Leon, Dollar Point, Texas City Dike, Galveston Island, San Luis Pass, Christmas Bay, Chocolate Bay.

Bibliographic Details
Corporate Author: Pasadena Hotspot, Inc
Format: Map
Language:English
Published: Pasadena, Tex. : Pasadena Hot Spot, [2000]
Subjects:

MARC

Tag First Indicator Second Indicator Subfields
LEADER 00000cem a2200000 a 4500
001 in00001661827
005 20151024122401.0
007 aj canzn
008 020325s2000 txuace a 1 eng
010 |a  2001623232 
034 1 |a a  |b 37500 
035 |a (OCoLC)ocm46659119 
037 |a VA 1-045-010  |b U.S. Copyright Office 
040 |a DLC  |c DLC  |d TXA  |d UtOrBLW 
049 |a TXAM 
050 0 0 |a G4032.G3E63 2000  |b .P3 
052 |a 4032  |b G3  |b W42 
072 7 |a E63  |2 lcg 
110 2 |a Pasadena Hotspot, Inc. 
245 1 0 |a Wade, shore & pier fishing map, west Galveston Bay, West Bay :  |b Cedar Point, La Porte, Seabrook, San Leon, Dollar Point, Texas City Dike, Galveston Island, San Luis Pass, Christmas Bay, Chocolate Bay. 
246 3 |a Wade, shore, and pier fishing map, west Galveston Bay, West Bay 
246 1 |i At head ot title:  |a Hot Spot 
255 |a Scale [ca. 1:37,500]. 
264 1 |a Pasadena, Tex. :  |b Pasadena Hot Spot,  |c [2000] 
300 |a 1 map :  |b both sides, color, plastic-treated ;  |c on sheet 96 x 63 cm., folded to 32 x 17 cm. 
336 |a cartographic image  |b cri  |2 rdacontent 
337 |a unmediated  |b n  |2 rdamedia 
338 |a sheet  |b nb  |2 rdacarrier 
500 |a Depths shown by gradient tints, contours, and soundings. 
500 |a At head of title: Hot Spot. 
500 |a Map shown in 5 sections. 
500 |a "This map is not intended to be used for navigational purposes." 
500 |a "Waterproof." 
500 |a "Map number F103." 
500 |a "1034506H." 
500 |a Includes fishing, boat ramp, and bait camp indexes. 
500 |a Cartographic material. 
650 0 |a Fishing  |z Texas  |z Galveston Bay  |v Maps. 
650 0 |a Fishing  |z Texas  |z West Bay  |v Maps. 
948 |a cataloged  |b h  |c 2002/7/30  |d c  |e jgreene  |f 2:05:14 pm 
994 |a E0  |b TXA 
999 |a MARS 
999 f f |s 938c232e-93e1-366b-91ce-633e42fe6070  |i 150ce692-268d-3383-8536-1d7533f7ca10  |t 0 
952 f f |p normal  |a Texas A&M University  |b College Station  |c Sterling C. Evans Library  |d Evans: Maps (2nd floor)  |t 0  |e G4032.G3E63 2000 .P3  |h Library of Congress classification  |i unmediated -- sheet  |m A14829015118 
998 f f |a G4032.G3E63 2000 .P3  |t 0  |l Evans: Maps (2nd floor)